000 03146cam a22005534i 4500
003 PE-LiUPU
005 20250731184115.0
008 150706s2009 pe r 000 0 spa d
020 _a9786124011184
035 _a(Sirsi) i9786124011184
040 _aPE-LiUPU
_bspa
_cPE-LiUPU
_erda
049 _aPRUA
082 0 4 _a869.56
_bM42
_221
082 0 4 _a869.56
_bM42 2009
100 1 _aMeneses Lazón, Porfirio,
_eautor.
245 1 0 _aYapa tinkunakuy o el reencuentro :
_bsonetos quechua con traducción conceptual española /
_cPorfirio Meneses Lazón.
250 _aPrimera edición.
264 1 _aLima :
_bAsamblea Nacional de Rectores,
_c2009.
300 _a85 páginas ;
_c24 centímetros.
336 _atext
_2rdacontent
337 _aunmediated
_2rdamedia
338 _avolume
_2rdacarrier
505 0 _aPoesías peruanas; Traducciones al quechua.
526 _aP145
526 _aP127
526 _aP97
526 _aP14
526 _aP07
650 0 4 _aPoesías peruanas
_vTraducciones al quechua.
650 0 4 _aPoesías quechuas
_zPerú.
910 _bjv
_cng
_d20110411
910 _btqv
_cwelc
_d20170922
942 _2ddc
_cBOOK
949 _a869.56 M42
_wDEWEY
_c1
_i62772
_lCCODEBUL1
_mBUL
_p10.00
_r0
_sY
_tBOOK
_u2015-7-6
_xEDUCACION
_zUNKNOWN
_0COMPRA
_o.STAFF. Colección General
949 _a869.56 M42
_wDEWEY
_c2
_i62771
_lCCODEBUL1
_mBUL
_p10.00
_r0
_sY
_tBOOK
_u2015-7-6
_xEDUCACION
_zUNKNOWN
_0COMPRA
_o.STAFF. Colección General
949 _a869.56 M42 2009
_wDEWEY
_c1
_iFJ08835
_lCCODEBUJ1
_mBUJ
_p10.00
_r0
_sY
_tBOOK
_u2017-09-22
_xBIBLIOTECA
_zUNKNOWN
_0DONACION
_o.STAFF. Colección General Juliaca
949 _a869.56 M42 2009
_wDEWEY
_c2
_iFJ08836
_lCCODEBUJ1
_mBUJ
_p10.00
_r0
_sY
_tBOOK
_u2017-09-22
_xBIBLIOTECA
_zUNKNOWN
_0DONACION
_o.STAFF. Colección General Juliaca
949 _a869.56 M42 2009
_wDEWEY
_c3
_iFJ08837
_lCCODEBUJ1
_mBUJ
_p10.00
_r0
_sY
_tBOOK
_u2017-09-22
_xBIBLIOTECA
_zUNKNOWN
_0DONACION
_o.STAFF. Colección General Juliaca
994 _aC0
_bPEPRU
596 _a1 3
999 _a869.56 M42
_wDEWEY
_c51825
_i62772
_f2021-11-9
_g5
_lCCODEBUL1
_mBUL
_p10.00
_r0
_sY
_tBOOK
_u2015-7-6
_xEDUCACION
_zUNKNOWN
_0COMPRA
_o.STAFF. Colección General
_d51825
999 _a869.56 M42
_wDEWEY
_c2
_i62771
_f2021-11-9
_g5
_lCCODEBUL1
_mBUL
_p10.00
_r0
_sY
_tBOOK
_u2015-7-6
_xEDUCACION
_zUNKNOWN
_0COMPRA
_o.STAFF. Colección General
999 _a869.56 M42 2009
_wDEWEY
_c1
_iFJ08835
_f2022-2-2
_g2
_lCCODEBUJ1
_mBUJ
_p10.00
_r0
_sY
_tBOOK
_u2017-9-22
_xBIBLIOTECA
_zUNKNOWN
_0DONACION
_o.STAFF. Colección General Juliaca
999 _a869.56 M42 2009
_wDEWEY
_c2
_iFJ08836
_f2022-2-2
_g2
_lCCODEBUJ1
_mBUJ
_p10.00
_r0
_sY
_tBOOK
_u2017-9-22
_xBIBLIOTECA
_zUNKNOWN
_0DONACION
_o.STAFF. Colección General Juliaca
999 _a869.56 M42 2009
_wDEWEY
_c3
_iFJ08837
_f2022-2-2
_g2
_lCCODEBUJ1
_mBUJ
_p10.00
_r0
_sY
_tBOOK
_u2017-9-22
_xBIBLIOTECA
_zUNKNOWN
_0DONACION
_o.STAFF. Colección General Juliaca
980 _81
_gALBERTO SANCHEZ Responsable de Automatización